000 00643nam a2200277Ia 4500
005 20260324145309.0
008 008 260324s9999 xx 000 0 eng d
020 _a9781003026259
037 _aEBOOK
040 _aCRL
040 _beng
040 _cCRL
041 _2eng
041 _aeng
084 _qCRL
100 _aMarten Shipman
_91221330
245 0 _aAssessment in Primary and Middle Schools
260 _bTaylor and Francis
260 _c1983
365 _a
365 _b160
856 _uhttp://www.taylorfrancis.com/books/9781003026259
942 _cEBOOK
999 _c1830171
_d1830171